| 000 | 00430nam a2200157Ia 4500 | ||
|---|---|---|---|
| 008 | 230312s9999||||xx |||||||||||||| ||und|| | ||
| 020 | _a81-7758-420-0 | ||
| 082 |
_a005.268 _bMOR-M |
||
| 100 | _aMorrison,Michael | ||
| 245 | 0 | _aBeginning Mobile Phone | |
| 260 |
_bPearson Education _aIndia _c2007 |
||
| 300 | _a506 | ||
| 546 | _aEng. | ||
| 650 |
_acomputer _vSprucing up Your Games,Mobile Game Programming Essentials |
||
| 942 | _cBK | ||
| 999 |
_c3084 _d3084 |
||